What If…? Characters - Statistics

General Stats
  • This quiz has been taken 11 times
  • The average score is 17 of 30
Answer Stats
Hint Answer % Correct
Chadwick Boseman Black Panther
100%
Benedict Cumberbatch Doctor Strange
100%
Benedict Cumberbatch Strange Supreme
100%
Chris Hemsworth Thor
90%
Lake Bell Black Widow
70%
Sebastian Stan Bucky Barnes
70%
Hayley Atwell Captain Carter
70%
Michael B Jordan Erik Killmonger
70%
Hayley Atwell Peggy Carter
70%
Jeffrey Wright Uatu / The Watcher
70%
Sebastian Stan Winter Soldier
70%
Ross Marquand Infinity Ultron
60%
Mick Wingert Iron Man
60%
Mick Wingert Sakaarian Iron Man
60%
Chadwick Boseman Star-Lord
60%
Chadwick Boseman T’Challa
60%
Hudson Thames Zombie Hunter Spider-Man
60%
Mick Wingert Zombie Iron Man
60%
Benedict Cumberbatch Stephen Strange
50%
Josh Keaton Captain America
40%
Cynthia McWilliams Gamora
40%
Josh Keaton HYDRA Stomper
40%
Ross Marquand Red Skull
40%
Josh Keaton Rogers Hood
40%
Mick Wingert Tony Stark
40%
Josh Keaton Zombie Captain America
40%
Benedict Cumberbatch Zombie Strange
40%
Devery Jacobs Kahhori
20%
Lake Bell Natasha Romanoff
20%
Josh Keaton Steve Rogers
20%
No matching quizzes found
Score Distribution
Percent of People with Each Score
Percentile by Number Answered
Your Score History
You have not taken this quiz